Country pair anagrams - Statistics

General Stats
  • This quiz has been taken 37 times
  • The average score is 9 of 20
Answer Stats
Country % Correct
Yemen
81%
Oman
77%
Benin
74%
Togo
74%
Chile
48%
Argentina
45%
Argentina
45%
Bolivia
45%
Brazil
45%
Greece
45%
Albania
35%
Suriname
35%
Egypt
32%
Estonia
32%
Israel
32%
Latvia
32%
Tunisia
23%
Algeria
19%
Austria
19%
Slovenia
19%
No matching quizzes found
Score Distribution
Percent of People with Each Score
Percentile by Number Answered
Your Score History
You have not taken this quiz